Washington Commanders Starting Quarterbacks of Super Bowl Era - Statistics

General Stats
  • This quiz has been taken 226 times
    70 since last reset
  • The average score is 24 of 48
Answer Stats
Answer % Correct
Jayden Daniels
98%
Kirk Cousins
93%
Robert Griffin III
90%
Joe Theismann
88%
Doug Williams
83%
Mark Rypien
81%
Alex Smith
79%
Alex Smith
79%
Taylor Heinicke
79%
Sam Howell
76%
Dwayne Haskins
74%
Josh Johnson
69%
Sonny Jurgensen
69%
Brad Johnson
67%
Jason Campbell
67%
Randy Johnson
67%
Ryan Fitzpatrick
67%
Case Keenum
64%
Donovan McNabb
64%
Carson Wentz
62%
Billy Kilmer
60%
Colt McCoy
57%
Jay Schroeder
52%
Gus Frerotte
50%
Mark Brunell
48%
Mark Sanchez
48%
Rex Grossman
48%
Heath Shuler
40%
Patrick Ramsey
40%
Jeff George
38%
Kyle Allen
38%
Trent Green
38%
Garrett Gilbert
33%
John Beck
33%
Todd Collins
31%
Rich Gannon
26%
Tony Banks
26%
John Friesz
19%
Shane Matthews
17%
Jeff Hostetler
14%
Jeff Rutledge
14%
Stan Humphries
14%
Tim Hasselbeck
14%
Cary Conklin
12%
Danny Wuerffel
12%
Ed Rubbert
12%
Jim Ninowski
10%
Mike Kruczek
7%
No matching quizzes found
Score Distribution
Percent of People with Each Score
Percentile by Number Answered
Your Score History
You have not taken this quiz since the last reset